Tabela wszech czasów Mistrzostw Świata w piłce nożnej - Statystyki

Ogólne statystyki
  • Ten quiz został rozwiązany 53 994 razy
    15 895 od ostatniego zresetowania
  • Średni wynik to 9 z 10
Statystyki odpowiedzi
Punkty Drużyna % Poprawnych
247 Brazylia
99%
225 Niemcy | Republika Federalna Niemiec
98%
158 Argentyna
97%
131 Francja
96%
110 Hiszpania
94%
156 Włochy
90%
118 Anglia
84%
88 Urugwaj
71%
104 Holandia
70%
73 Belgia
56%
Nie znaleziono quizów pasujących do podanych kryteriów
Rozkład punktacji
Procent ludzi z każdym wynikiem
Percentyl według liczby udzielonych odpowiedzi
Twoja historia wyników
Nie rozwiązałeś tego quizu od ostatniego zresetowania